000 00545nam a2200205Ia 4500
005 20250508164956.0
008 008 250505s9999 xx 000 0 eng d
037 _aTextBook
040 _aFEDL
_beng
_cFEDL
041 _aeng
_2eng
084 _a001.42, FLI/R
_qFEDL
100 _aFlick Uwe
245 0 _aIntroduction to qualitative research.
250 _a4
260 _aNew Delhi, India
_bSage Publication
_c2010
300 _axx,504p.
365 _aINR
_b550
942 _cTB
_h001.42, FLI/R
999 _c1392423
_d1392423